Number to Minecraft - Statistics

General Stats
  • This quiz has been taken 268 times
  • The average score is 8 of 10
Answer Stats
Hint Answer % Correct
Amount of eggs you can stack in one inventory slot 16
91%
Amount of crafting slots in one crafting table 9
90%
Amount of coal that is used to craft 4 torches 1
89%
Amount of wood used to craft one chest 8
87%
Amount of candles you can place in one block 4
86%
Amount of coal used to craft a furnace 0
85%
Amount of different items you can put in a double chest 54
83%
Amount of squid ink you can stack in one inventory slot 64
82%
Number of different ores in the Nether 3
78%
Number of different nuggets in the game 2
66%
No matching quizzes found
Score Distribution
Percent of People with Each Score
Percentile by Number Answered
Your Score History
You have not taken this quiz